| 000 | 00444nam a2200193Ia 4500 | ||
|---|---|---|---|
| 008 | 210210b2002 xxu||||| |||| 00| 0 eng d | ||
| 020 | _a8177540769 | ||
| 041 | _aeng | ||
| 082 | _a591.33 MORE | ||
| 100 | _aMORGAN (Thomas Hunt) | ||
| 245 | _aEmbryology and genetics | ||
| 260 |
_aJodhpur _bAgrobios _c2002 |
||
| 300 | _avii,258 | ||
| 650 | _agenetics | ||
| 650 | _aEmbryology | ||
| 650 | _aand | ||
| 690 | _aZoology | ||
| 906 | _a065847 | ||
| 999 |
_c147128 _d147128 |
||